Flags of countries of the world #11-The Times Lefting - Statistics

General Stats
  • This quiz has been taken 11 times
  • The average score is 11 of 15
Answer Stats
Picture Answer % Correct
Latvia
88%
Qatar
88%
Zambia
88%
Central African Republic
75%
Fiji
75%
Guatemala
75%
Lesotho
75%
Montenegro
75%
Nigeria
75%
Ukraine
75%
Gambia
63%
Saint Lucia
63%
Saint Vincent and the Grenadines
63%
Solomon Islands
63%
Tuvalu
63%
No matching quizzes found
Score Distribution
Percent of People with Each Score
Percentile by Number Answered
Your Score History
You have not taken this quiz